| 000 | 00620ntaaa2200193 4500 | ||
|---|---|---|---|
| 003 | 01 | ||
| 005 | 20251027202235.0 | ||
| 008 | 0714s1973 ag 01 | ||
| 040 |
_aAR-BaBN _bspa _cAR-BaBN _eaacr _dRIC |
||
| 082 | _a268.1200 C15di | ||
| 100 | _aPatterson, Pauline G de | ||
| 245 | _aFiguras bíblicas ilustrativas | ||
| 250 | _a1 ed. | ||
| 260 |
_aEl Paso : _bCasa Bautista de Publicaciones, _c1969 |
||
| 300 | _a24 p | ||
| 500 | _aPara usarse juntamente con un libro de texto de escuela bíblica de vacaciones (Dejad a los niños venir a me) principiantes A. | ||
| 650 | _aescuela bíblica de vacaciones | ||
| 942 | _cBK | ||
| 999 |
_c17245 _d17245 |
||